| 000 | 01609cam a2200397 a 4500 | ||
|---|---|---|---|
| 999 |
_c234735 _d234735 |
||
| 001 | 202645 | ||
| 003 | Nust | ||
| 005 | 20170330102454.0 | ||
| 008 | 990329s2000 mau b 000 0 eng | ||
| 010 | _a 99062320 | ||
| 020 | _a9780553213072 | ||
| 040 |
_aDLC _cDLC _dDLC |
||
| 050 | 0 | 0 |
_aPR2833.A2 _bG73 2000 |
| 082 | 0 | 0 |
_a822.33 _bSHA |
| 100 | 1 |
_aShakespeare, William, _d1564-1616. |
|
| 245 | 1 | 4 |
_aThe tempest : _ba case study in critical controversy / _cWilliam Shakespeare ; edited by Gerald Graff, James Phelan. |
| 260 |
_aBoston : _bBedford/St. Martin's, _c2000. |
||
| 300 |
_axii, 191 p. ; _c21 cm. |
||
| 440 | 0 | _aCase studies in critical controversy | |
| 504 | _aIncludes bibliographical references. | ||
| 650 | 0 |
_aFathers and daughters _vDrama. |
|
| 650 | 0 |
_aPolitical refugees _vDrama. |
|
| 650 | 0 |
_aShipwreck victims _vDrama. |
|
| 650 | 0 |
_aMagicians _vDrama. |
|
| 650 | 0 |
_aIslands _vDrama. |
|
| 650 | 0 |
_aSpirits _vDrama. |
|
| 655 | 7 |
_aTragicomedy. _2lcsh |
|
| 700 | 1 | _aGraff, Gerald. | |
| 700 | 1 |
_aPhelan, James, _d1951- |
|
| 856 | 4 | 2 |
_3Publisher description _uhttp://www.loc.gov/catdir/description/hol057/99062320.html |
| 856 | 4 | 1 |
_3Table of contents _uhttp://www.loc.gov/catdir/toc/hol053/99062320.html |
| 906 |
_a7 _bcbc _corignew _d3 _eopcn _f19 _gy-gencatlg |
||
| 942 |
_2ddc _cBK |
||